| 000 | 00749pam a2200229 a 4500 | ||
|---|---|---|---|
| 020 | _a0803960409 | ||
| 020 | _a0803960417 (pbk.) | ||
| 040 | _cDLC | ||
| 082 | 0 | 0 | _a371 COR 1993 A019 Or. |
| 100 | 1 | _aZehm, Stanley J. | |
| 245 | 1 | 0 |
_aOn being a teacher : _bthe human dimension / |
| 260 |
_aNewbury Park, Calif. : _bCorwin Press, _cc1993. |
||
| 300 |
_axiv, 136 p. ; _c24 cm. |
||
| 650 | 0 | _aTeaching. | |
| 650 | 0 | _aMotivation in education. | |
| 650 | 0 | _aTeachers. | |
| 700 | 1 | _aKottler, Jeffrey A. | |
| 856 | 4 | 2 | _uhttp://www.loc.gov/catdir/enhancements/fy0658/92035968-d.html |
| 856 | 4 | 1 | _uhttp://www.loc.gov/catdir/enhancements/fy0658/92035968-t.html |
| 856 | 4 | 2 | _uhttp://www.loc.gov/catdir/enhancements/fy0734/92035968-b.html |
| 942 | _cEK | ||
| 999 |
_c12205 _d12205 |
||